Statistics for Daily Country Riddle #2

Click here to take the quiz!

General Stats

  • This quiz has been taken 1,081 times
  • The average score is 8 of 11

Answer Stats

TypeAnswer% Correct
Found LetterA
100%
Found LetterN
97%
Correctly Placed LetterA
84%
Found LetterR
70%
Correctly Placed LetterN
66%
Found LetterU
61%
Correctly Placed LetterU
60%
AnswerNauru
59%
Correctly Placed LetterR
59%
Correctly Placed LetterU
59%
Found LetterU
59%

Score Distribution

Percentile by Number Answered

Percent of People with Each Score

Your Score History

You have not taken this quiz